| 000 | 00444nam a22001577a 4500 | ||
|---|---|---|---|
| 008 | 230523b |||||||| |||| 00| 0 eng d | ||
| 040 |
_aNational Science Library _cNational Science Library |
||
| 080 |
_a582.26:577.1 _bK2 |
||
| 245 | _aPhysiology and biochemistry of algae | ||
| 260 |
_aLondon: _bAcademic Press, _c1962 |
||
| 300 | _a929p. | ||
| 650 | _aScience | ||
| 653 | _aAlgae | ||
| 700 | _aLewin, Ralph A (Ed.) | ||
| 942 |
_2udc _cBK |
||
| 999 |
_c33167 _d33167 |
||